<?xml version="1.0" encoding="UTF-8"?>
<collection xmlns="http://www.loc.gov/MARC21/slim">
 <record>
  <leader>01427aam a22002178a 4500</leader>
  <controlfield tag="001">NCT_4407</controlfield>
  <controlfield tag="008">130319s2013                  ||||||viesd</controlfield>
  <datafield tag="999" ind1=" " ind2=" ">
   <subfield code="c">222</subfield>
   <subfield code="d">222</subfield>
  </datafield>
  <datafield tag="020" ind1=" " ind2=" ">
   <subfield code="c">180000</subfield>
  </datafield>
  <datafield tag="082" ind1="0" ind2="4">
   <subfield code="2">23rd ed.</subfield>
   <subfield code="a">546</subfield>
   <subfield code="b">V121</subfield>
  </datafield>
  <datafield tag="100" ind1="1" ind2=" ">
   <subfield code="a">Nguyễn Đức Vận</subfield>
  </datafield>
  <datafield tag="245" ind1="1" ind2="0">
   <subfield code="a">Câu hỏi và bài tập hoá học vô cơ :</subfield>
   <subfield code="b">Phần Kim loại : Sách dùng cho sinh viên các trường đại học và cao đẳng, giáo viên THPT, THCS chuyên ngành Hoá...</subfield>
   <subfield code="c">Nguyễn Đức Vận, Nguyễn Huy Tiến</subfield>
  </datafield>
  <datafield tag="260" ind1=" " ind2=" ">
   <subfield code="a">H.</subfield>
   <subfield code="b">Khoa học và Kỹ thuật</subfield>
   <subfield code="c">2013</subfield>
  </datafield>
  <datafield tag="300" ind1=" " ind2=" ">
   <subfield code="a">327tr.</subfield>
   <subfield code="b">hình vẽ, bảng</subfield>
   <subfield code="c">27cm</subfield>
  </datafield>
  <datafield tag="520" ind1="3" ind2=" ">
   <subfield code="a">Nội dung tài liệu gồm các câu hỏi, bài tập và lời giải về kim loại, các nguyên tố nhóm kim loại kiềm, kiềm thổ, nhóm Gali - Indi - Tali, Gecmani - Thiếc - Chì, Đồng - Bạc - Vàng, Kẽm - Cađimi - Thuỷ ngân...</subfield>
  </datafield>
  <datafield tag="653" ind1=" " ind2=" ">
   <subfield code="a">Công nghệ Kỹ thuật hóa học</subfield>
  </datafield>
  <datafield tag="700" ind1="1" ind2=" ">
   <subfield code="a">Nguyễn Huy Tiến</subfield>
  </datafield>
  <datafield tag="942" ind1=" " ind2=" ">
   <subfield code="2">ddc</subfield>
   <subfield code="c">BK</subfield>
  </datafield>
  <datafield tag="952" ind1=" " ind2=" ">
   <subfield code="0">0</subfield>
   <subfield code="1">0</subfield>
   <subfield code="2">ddc</subfield>
   <subfield code="4">0</subfield>
   <subfield code="6">546_000000000000000_V121</subfield>
   <subfield code="7">0</subfield>
   <subfield code="9">2005</subfield>
   <subfield code="a">000001</subfield>
   <subfield code="b">000001</subfield>
   <subfield code="d">2017-10-24</subfield>
   <subfield code="o">546 V121</subfield>
   <subfield code="p">MD.01418</subfield>
   <subfield code="r">2017-10-24</subfield>
   <subfield code="v">180000.00</subfield>
   <subfield code="w">2017-10-24</subfield>
   <subfield code="y">BK</subfield>
  </datafield>
  <datafield tag="952" ind1=" " ind2=" ">
   <subfield code="0">0</subfield>
   <subfield code="1">0</subfield>
   <subfield code="2">ddc</subfield>
   <subfield code="4">0</subfield>
   <subfield code="6">546_000000000000000_V121</subfield>
   <subfield code="7">0</subfield>
   <subfield code="9">2006</subfield>
   <subfield code="a">000001</subfield>
   <subfield code="b">000001</subfield>
   <subfield code="d">2017-10-24</subfield>
   <subfield code="o">546 V121</subfield>
   <subfield code="p">MD.01419</subfield>
   <subfield code="r">2017-10-24</subfield>
   <subfield code="v">180000.00</subfield>
   <subfield code="w">2017-10-24</subfield>
   <subfield code="y">BK</subfield>
  </datafield>
  <datafield tag="980" ind1=" " ind2=" ">
   <subfield code="a">Thư viện Trường Đại học Nam Cần Thơ</subfield>
  </datafield>
 </record>
</collection>
